[Event "POR-chT"]
[Site "?"]
[Date "2002.08.13"]
[Round "3.3"]
[White "Leonardo Joao"]
[Black "Caselas Cabanas Jacobo"]
[Result "1/2-1/2"]
[WhiteElo "2237"]
[BlackElo "2356"]
[PlyCount "67"]
[EventDate "2002.??.??"]
[Source "www.chesslib.no"]
[SourceDate "2004.05.04"]

1. d3 d5 2. Nf3 Nf6 3. g3 Bg4 4. Bg2 Nbd7 5. O-O e6 6. Nbd2 Bc5 7. e4 dxe4 8. dxe4 O-O 9. Qe2 e5 10. h3 Bxf3 11. Nxf3 c6 12. Rd1 Qb6 13. c3 a5 14. Bg5 Rfe8 15. Rd2 h6 16. Bxf6 Nxf6 17. Rad1 g6 18. Nh4 Kg7 19. Nf3 Rac8 20. Ne1 Qc7 21. Bf3 Rcd8 22. Kg2 Rxd2 23. Rxd2 Rd8 24. Rxd8 Qxd8 25. Nd3 Qe7 26. a3 Bb6 27. b4 axb4 28. axb4 Qe6 29. Nb2 h5 30. Nc4 Bc7 31. Nb2 Bb6 32. Nc4 Bc7 33. Ne3 Bb6 34. Nc4 1/2-1/2

[Event "Marseille (4eme tournoi)"]
[Site "?"]
[Date "2003.??.??"]
[Round "1.5"]
[White "Hileyan Michel"]
[Black "Flear Glenn C"]
[Result "0-1"]
[WhiteElo "2082"]
[BlackElo "2509"]
[PlyCount "72"]
[EventDate "2003.??.??"]
[Source "www.chesslib.no"]
[SourceDate "2004.05.04"]

1. d3 d5 2. Nd2 e5 3. Ngf3 Nc6 4. c3 Nf6 5. e4 Be7 6. Be2 a5 7. O-O O-O 8. Re1 Re8 9. Bf1 Bf8 10. a4 b6 11. exd5 Nxd5 12. Nc4 f6 13. g3 Kh8 14. Ne3 Nxe3 15. Bxe3 Bg4 16. h3 Bh5 17. Be2 Qd7 18. g4 Bf7 19. d4 Rad8 20. Bb5 h5 21. Nh2 exd4 22. cxd4 Bd5 23. Rc1 hxg4 24. Nxg4 Bb4 25. Re2 Bf3 26. Bxc6 Bxc6 27. Rec2 Bxa4 28. Nxf6 gxf6 29. Qh5+ Qh7 30. Qxh7+ Kxh7 31. Rxc7+ Kh8 32. Rb7 Rg8+ 33. Kh1 Bb3 34. Rxb6 Bd5+ 35. Kh2 Rg2+ 36. Kh1 Rdg8 0-1

[Event "It \"]
[Site "Peterhof (Russia)"]
[Date "2007.08.18"]
[Round "8"]
[White "Pogosian Vladimir (ARM)"]
[Black "Pogromsky Mikhail (RUS)"]
[Result "0-1"]
[WhiteElo "2175"]
[BlackElo "2415"]
[PlyCount "126"]
[EventDate "2007.??.??"]
[Source "www.chesslib.no"]
[SourceDate "2004.05.04"]

1. d3 d5 2. g3 e5 3. Nd2 Nf6 4. Bg2 Bc5 5. h3 O-O 6. e3 Be6 7. a3 a5 8. b3 Nc6 9. Bb2 Nd7 10. Ne2 f5 11. d4 exd4 12. exd4 Bd6 13. c4 Nf6 14. O-O Bf7 15. c5 Be7 16. Qc2 Ne4 17. f3 Nxd2 18. Qxd2 b6 19. b4 b5 20. Bc3 axb4 21. axb4 Qd7 22. Kh2 Rfb8 23. f4 Bh5 24. Ng1 Nd8 25. Rfe1 c6 26. Nf3 Bxf3 27. Bxf3 Nf7 28. g4 Bh4 29. Rg1 Rxa1 30. Rxa1 Qc7 31. Kh1 Bg3 32. gxf5 Bxf4 33. Qe2 Ng5 34. Bg2 Rf8 35. h4 Nf7 36. Rf1 Bh6 37. Be1 Qd8 38. Qg4 Qf6 39. Qe2 Qxd4 40. Qe6 Qf6 41. Rf3 Rd8 42. Bg3 Kf8 43. Ra3 Re8 44. Qd7 Bf4 45. Bf2 Nh6 46. Bf3 Qxf5 47. Qxf5+ Nxf5 48. Bg4 g6 49. Ra6 Re6 50. h5 Bd2 51. Ra7 Re7 52. Ra8+ Kg7 53. Rc8 Re6 54. Bh4 Re4 55. Rc7+ Kh6 56. hxg6 Rxg4 57. gxh7 Rxh4+ 58. Kg2 Kg5 59. Rxc6 Rxh7 60. Rb6 Nd4 61. Rd6 Kf5 62. Rxd5+ Ke4 63. Rd8 Bxb4 0-1

[Event "SLO Team Ch"]
[Site "Slovenia"]
[Date "1994.??.??"]
[Round "?"]
[White "Mikac, Tomaz"]
[Black "Supancic, Darko"]
[Result "0-1"]
[WhiteElo "2215"]
[BlackElo "2375"]
[PlyCount "96"]
[EventDate "1994.??.??"]
[Source "www.chesslib.no"]
[SourceDate "2004.05.04"]

1. d3 c5 2. e4 Nc6 3. g3 g6 4. Bg2 Bg7 5. f4 e6 6. Nf3 Nge7 7. c3 d5 8. e5 O-O 9. Na3 d4 10. c4 Nf5 11. O-O f6 12. exf6 Bxf6 13. Nc2 e5 14. fxe5 Nxe5 15. Nxe5 Bxe5 16. Rb1 a5 17. a3 a4 18. b4 axb3 19. Rxb3 Rb8 20. Qf3 Qd6 21. Bf4 Bxf4 22. Qxf4 Qxf4 23. Rxf4 b6 24. g4 Nd6 25. Bd5+ Kg7 26. Rxf8 Kxf8 27. h3 Bd7 28. Rb1 Ke7 29. Kg2 Ba4 30. Ne1 Kd8 31. Rb2 b5 32. cxb5 Rxb5 33. Rxb5 Nxb5 34. Bc6 Ke7 35. Kf2 Kd6 36. Be8 Ke5 37. Nf3+ Kf4 38. Nd2 Nc3 39. Bf7 Bc2 40. Bc4 Nd1+ 41. Ke1 Nb2 42. Ke2 g5 43. Bb5 h6 44. Nf1 Bd1+ 45. Kf2 Ba4 46. Ba6 Nd1+ 47. Ke2 Nc3+ 48. Kf2 Nb1 0-1

[Event "Carl Schlechter mem"]
[Site "Vienna"]
[Date "1996.??.??"]
[Round "4"]
[White "Koller, Hubert"]
[Black "Danner, Georg"]
[Result "0-1"]
[WhiteElo "2205"]
[BlackElo "2375"]
[PlyCount "84"]
[EventDate "1996.10.10"]
[Source "ChessBase"]

1. d3 g6 2. Nf3 Bg7 3. e4 c5 4. c3 Nc6 5. Be3 d6 6. Nbd2 Nf6 7. Be2 O-O 8. O-O Rb8 9. a4 a6 10. h3 e5 11. Nh2 b5 12. axb5 axb5 13. Qc2 Qe7 14. Ra2 Ne8 15. Rfa1 f5 16. f3 Nc7 17. Nb3 Be6 18. Na5 Nd8 19. c4 Bf6 20. Qd2 f4 21. Bf2 Bh4 22. Qe1 Bxf2+ 23. Qxf2 Kg7 24. Bd1 Bd7 25. b4 Nde6 26. bxc5 dxc5 27. cxb5 Bxb5 28. Ba4 Nd4 29. Bxb5 Rxb5 30. Nc4 Rfb8 31. Ng4 Nc6 32. Qd2 h5 33. Nf2 Ne6 34. Rb2 Rxb2 35. Nxb2 Ned4 36. Ra3 Qg5 37. Kf1 Nb4 38. Rc3 Qe7 39. Na4 Ra8 40. Qd1 Ra5 41. Nb6 Ra2 42. Nc4 Nbc2 0-1